000 00306nam a22001217a 4500
020 _a0-906041-11-2
082 _a954.9045 KHA'F
100 _aKHAN, M. ASGHAR
_976441
245 _aTHE FIRST ROUND INDO PAK WAR 1965
260 _aLONDON
_bISLAMOC INFORMATION SERVICES
_c1979
300 _a146P
942 _cBK
999 _c581840
_d581840